| 000 | 00624cab a2200229 4500 | ||
|---|---|---|---|
| 001 | ABS60325 | ||
| 008 | 090401t1999 xxu||||| |||| 00| 0 eng d | ||
| 035 | _a(Sirsi) u92329 | ||
| 041 | _aeng | ||
| 100 | _aHolbrook, J. | ||
| 245 | _aUnfair terms in tenancy agreements | ||
| 260 | _c1999 | ||
| 350 | _a0 | ||
| 490 |
_aSolicitors` Journal _v143(11) 19 March 1999, 276-277(2) |
||
| 650 | _aREPAIR OBLIGATIONS | ||
| 650 | _aTENANCY AGREEMENTS | ||
| 650 | _aUNFAIR TERMS IN CONSUMER CONTRACTS REGULATIONS 1994 | ||
| 650 | _aUNFAIR TERMS | ||
| 690 |
_aLandlord and tenant _96252 |
||
| 942 | _n0 | ||
| 948 | _c24/03/1999 | ||
| 999 |
_c58548 _d58548 |
||